[Event "Blitz Open"]
[Site "?"]
[Date "2018.08.03"]
[Round "1.1"]
[White "Hossain, Enamul"]
[Black "Maghsoodloo, Parham"]
[Result "0-1"]
[BlackElo "2650"]
[WhiteElo "2358"]
[LiveChessVersion "1.4.8"]

1. e4 {[%clk 0:03:02]} c5 {[%clk 0:03:03]} 2. Nf3 {[%clk 0:03:02]} Nc6
{[%clk 0:03:05]} 3. c3 {[%clk 0:03:03]} e6 {[%clk 0:03:03]} 4. d4
{[%clk 0:03:02]} d5 {[%clk 0:03:04]} 5. e5 {[%clk 0:03:03]} Qb6 {[%clk 0:03:04]}
6. a3 {[%clk 0:03:03]} a5 {[%clk 0:03:05]} 7. Bd3 {[%clk 0:02:57]} Nh6
{[%clk 0:03:04]} 8. O-O {[%clk 0:02:48]} cxd4 {[%clk 0:02:59]} 9. cxd4
{[%clk 0:02:49]} Nf5 {[%clk 0:03:00]} 10. Bxf5 {[%clk 0:02:44]} exf5
{[%clk 0:03:01]} 11. Nc3 {[%clk 0:02:44]} Be6 {[%clk 0:03:01]} 12. Ne2
{[%clk 0:02:36]} h6 {[%clk 0:02:58]} 13. h4 {[%clk 0:02:26]} Be7 {[%clk 0:02:31]}
14. Nf4 {[%clk 0:02:02]} a4 {[%clk 0:02:24]} 15. h5 {[%clk 0:01:50]} O-O
{[%clk 0:02:15]} 16. Re1 {[%clk 0:01:38]} Qb5 {[%clk 0:02:08]} 17. Re2
{[%clk 0:01:10]} Na5 {[%clk 0:02:08]} 18. Bd2 {[%clk 0:00:48]} Nb3
{[%clk 0:02:08]} 19. Rb1 {[%clk 0:00:47]} Rfc8 {[%clk 0:02:02]} 20. Be3
{[%clk 0:00:46]} Rc6 {[%clk 0:01:58]} 21. Ne1 {[%clk 0:00:35]} Rac8
{[%clk 0:01:56]} 22. Rc2 {[%clk 0:00:35]} Bd8 {[%clk 0:01:44]} 23. Rxc6
{[%clk 0:00:36]} Rxc6 {[%clk 0:01:40]} 24. g4 {[%clk 0:00:35]} Bc8
{[%clk 0:01:31]} 25. f3 {[%clk 0:00:18]} fxg4 {[%clk 0:01:31]} 26. fxg4
{[%clk 0:00:19]} Rc4 {[%clk 0:01:09]} 27. Qd3 {[%clk 0:00:14]} Bxg4
{[%clk 0:01:01]} 28. e6 {[%clk 0:00:13]} fxe6 {[%clk 0:00:49]} 29. Qf1
{[%clk 0:00:07]} Bf5 {[%clk 0:00:46]} 30. Rd1 {[%clk 0:00:08]} Bf6
{[%clk 0:00:46]} 31. Qf3 {[%clk 0:00:08]} Nxd4 {[%clk 0:00:45]} 32. Qg2
{[%clk 0:00:08]} Qb3 {[%clk 0:00:43]} 33. Rd2 {[%clk 0:00:09]} Qxe3+
{[%clk 0:00:43]} 0-1

[Event "Blitz Open"]
[Site "?"]
[Date "2018.08.03"]
[Round "1.2"]
[White "Tabatabaei, M.Amin"]
[Black "Islam, Kh. Aminul"]
[Result "1-0"]
[BlackElo "2352"]
[WhiteElo "2587"]
[LiveChessVersion "1.4.8"]

1. d4 {[%clk 0:03:03]} e6 {[%clk 0:03:02]} 2. Nf3 {[%clk 0:03:02]} b6
{[%clk 0:03:01]} 3. e4 {[%clk 0:03:04]} Bb7 {[%clk 0:03:02]} 4. Bd3
{[%clk 0:03:05]} d5 {[%clk 0:03:01]} 5. e5 {[%clk 0:03:05]} c5 {[%clk 0:03:02]}
6. c3 {[%clk 0:03:06]} Ne7 {[%clk 0:02:58]} 7. Nbd2 {[%clk 0:03:06]} Qd7
{[%clk 0:02:56]} 8. Qe2 {[%clk 0:03:05]} a5 {[%clk 0:02:56]} 9. Bb5
{[%clk 0:02:58]} Nec6 {[%clk 0:02:53]} 10. O-O {[%clk 0:02:52]} Ba6
{[%clk 0:02:54]} 11. a4 {[%clk 0:02:52]} Bxb5 {[%clk 0:02:44]} 12. axb5
{[%clk 0:02:30]} Na7 {[%clk 0:02:45]} 13. c4 {[%clk 0:02:31]} cxd4
{[%clk 0:02:19]} 14. b3 {[%clk 0:02:16]} dxc4 15. bxc4 {[%clk 0:02:17]} Nc8
{[%clk 0:01:27]} 16. Bb2 {[%clk 0:02:16]} d3 {[%clk 0:01:20]} 17. Qe4
{[%clk 0:02:16]} Ra7 {[%clk 0:01:20]} 18. Rfd1 {[%clk 0:02:17]} Bb4
{[%clk 0:01:03]} 19. Nf1 {[%clk 0:02:16]} O-O {[%clk 0:01:02]} 20. Ng5
{[%clk 0:02:17]} g6 {[%clk 0:00:59]} 21. Ne3 {[%clk 0:02:10]} h6 {[%clk 0:00:47]}
22. Ng4 {[%clk 0:02:07]} Kg7 {[%clk 0:00:49]} 23. Nxh6 {[%clk 0:01:43]} Be7
{[%clk 0:00:34]} 24. Rxd3 {[%clk 0:01:39]} Qb7 {[%clk 0:00:25]} 25. Qf4
{[%clk 0:01:36]} Nd7 {[%clk 0:00:16]} 26. Rh3 {[%clk 0:01:12]} Bxg5
{[%clk 0:00:08]} 27. Qxg5 {[%clk 0:01:13]} Qc7 {[%clk 0:00:06]} 28. Nf5+
{[%clk 0:01:07]} 1-0

[Event "Blitz Open"]
[Site "?"]
[Date "2018.08.03"]
[Round "1.3"]
[White "Mohammad, Minhaz Uddin"]
[Black "Idani, Pouya"]
[Result "0-1"]
[BlackElo "2559"]
[WhiteElo "2380"]
[LiveChessVersion "1.4.8"]

1. e4 {[%clk 0:03:03]} c5 {[%clk 0:03:04]} 2. Nf3 {[%clk 0:03:04]} d6
{[%clk 0:03:06]} 3. d4 {[%clk 0:03:04]} cxd4 {[%clk 0:03:07]} 4. Nxd4
{[%clk 0:03:04]} Nf6 {[%clk 0:03:08]} 5. Nc3 a6 6. Bg5 {[%clk 0:03:04]} Nbd7
{[%clk 0:03:12]} 7. Qd2 {[%clk 0:03:02]} e6 {[%clk 0:03:10]} 8. O-O-O
{[%clk 0:03:01]} Be7 {[%clk 0:03:12]} 9. f4 {[%clk 0:02:57]} Qc7 {[%clk 0:03:05]}
10. Kb1 {[%clk 0:02:29]} b5 {[%clk 0:03:00]} 11. a3 {[%clk 0:02:25]} Bb7
{[%clk 0:03:01]} 12. f5 {[%clk 0:02:14]} e5 {[%clk 0:02:59]} 13. Nf3
{[%clk 0:02:10]} Nxe4 {[%clk 0:02:41]} 14. Nxe4 {[%clk 0:02:10]} Bxe4
{[%clk 0:02:43]} 15. Bxe7 Kxe7 16. Bd3 {[%clk 0:01:35]} Bxf3 {[%clk 0:02:45]} 17.
gxf3 {[%clk 0:01:36]} Nf6 {[%clk 0:02:46]} 18. Rhg1 {[%clk 0:01:34]} Rhg8
{[%clk 0:02:45]} 19. Be4 {[%clk 0:01:26]} Rac8 {[%clk 0:02:42]} 20. c3
{[%clk 0:01:26]} Qb6 {[%clk 0:02:28]} 21. Bd5 {[%clk 0:01:24]} Rc5
{[%clk 0:02:27]} 22. Ba2 {[%clk 0:01:19]} a5 {[%clk 0:02:25]} 23. f4
{[%clk 0:01:11]} e4 {[%clk 0:02:25]} 24. Qd4 {[%clk 0:00:53]} Qc6
{[%clk 0:02:22]} 25. Rg5 {[%clk 0:00:50]} h6 {[%clk 0:02:23]} 26. Rg2
{[%clk 0:00:42]} Rxf5 {[%clk 0:02:00]} 27. Rgd2 {[%clk 0:00:38]} Rd8
{[%clk 0:01:56]} 28. Qa7+ {[%clk 0:00:30]} Rd7 {[%clk 0:01:57]} 29. Qxa5
{[%clk 0:00:32]} Rxf4 {[%clk 0:01:42]} 30. Qb4 {[%clk 0:00:32]} g5
{[%clk 0:01:32]} 31. Rd4 {[%clk 0:00:30]} Rf5 {[%clk 0:01:16]} 32. Re1
{[%clk 0:00:28]} Qc5 {[%clk 0:01:11]} 33. Qb3 {[%clk 0:00:26]} Kf8
{[%clk 0:01:11]} 34. Qc2 {[%clk 0:00:24]} Kg7 {[%clk 0:01:05]} 35. Bb3
{[%clk 0:00:25]} Re7 {[%clk 0:01:05]} 36. Qd1 {[%clk 0:00:23]} d5
{[%clk 0:01:04]} 37. Bc2 {[%clk 0:00:22]} Qc7 {[%clk 0:01:03]} 38. Qe2
{[%clk 0:00:22]} Qf4 {[%clk 0:01:03]} 39. Qxb5 {[%clk 0:00:22]} Qxh2
{[%clk 0:01:04]} 40. Re2 {[%clk 0:00:20]} Qg1+ {[%clk 0:01:02]} 41. Rd1
{[%clk 0:00:19]} Qa7 {[%clk 0:01:02]} 42. Qb4 {[%clk 0:00:18]} Rb7
{[%clk 0:01:03]} 43. Qd6 {[%clk 0:00:18]} Rb6 {[%clk 0:01:00]} 44. Qd8
{[%clk 0:00:16]} Re5 {[%clk 0:00:56]} 0-1

[Event "Blitz Open"]
[Site "?"]
[Date "2018.08.03"]
[Round "1.4"]
[White "Mosadeghpour, Masoud"]
[Black "Mohammad Fahad, Rahman"]
[Result "0-1"]
[BlackElo "2210"]
[WhiteElo "2437"]
[LiveChessVersion "1.4.8"]

1. e4 {[%clk 0:03:03]} e5 {[%clk 0:03:02]} 2. Nf3 {[%clk 0:03:05]} Nf6
{[%clk 0:02:58]} 3. Nc3 {[%clk 0:03:03]} Nc6 4. h3 Bc5 {[%clk 0:02:56]} 5. Nxe5
{[%clk 0:03:06]} Nxe5 {[%clk 0:02:55]} 6. d4 {[%clk 0:03:07]} Bb4
{[%clk 0:02:23]} 7. dxe5 {[%clk 0:03:06]} Nxe4 {[%clk 0:02:24]} 8. Qg4
{[%clk 0:02:57]} d5 {[%clk 0:01:26]} 9. Qxg7 {[%clk 0:02:55]} Rf8
{[%clk 0:01:27]} 10. a3 {[%clk 0:02:42]} Ba5 {[%clk 0:00:56]} 11. Bh6
{[%clk 0:02:42]} Qe7 {[%clk 0:00:58]} 12. Qxf8+ Qxf8 {[%clk 0:00:58]} 13. Bxf8
{[%clk 0:02:44]} Kxf8 {[%clk 0:00:59]} 14. b4 {[%clk 0:02:37]} Nxc3
{[%clk 0:00:54]} 15. bxa5 {[%clk 0:02:38]} Bd7 {[%clk 0:00:47]} 16. Bd3
{[%clk 0:02:27]} Re8 {[%clk 0:00:47]} 17. Kd2 {[%clk 0:02:26]} Ne4+
{[%clk 0:00:47]} 18. Bxe4 dxe4 {[%clk 0:00:48]} 19. Ke3 {[%clk 0:01:31]} Rxe5
{[%clk 0:00:49]} 20. Rhd1 {[%clk 0:01:32]} Bc6 {[%clk 0:00:47]} 21. a6
{[%clk 0:01:18]} bxa6 {[%clk 0:00:32]} 22. Rd4 {[%clk 0:01:06]} Rc5
{[%clk 0:00:31]} 23. c4 {[%clk 0:00:56]} Kg7 {[%clk 0:00:24]} 24. Rc1
{[%clk 0:00:56]} Rg5 {[%clk 0:00:19]} 25. g3 {[%clk 0:00:54]} Rf5
{[%clk 0:00:21]} 26. Rd2 {[%clk 0:00:16]} Rf3+ 27. Kd4 Rxa3 {[%clk 0:00:21]} 28.
Kc5 {[%clk 0:00:20]} Be8 {[%clk 0:00:13]} 29. Kb4 {[%clk 0:00:18]} Ra4+
{[%clk 0:00:13]} 30. Kb3 {[%clk 0:00:19]} Ra5 {[%clk 0:00:14]} 31. Re1
{[%clk 0:00:14]} Bc6 32. Kb4 {[%clk 0:00:13]} Rf5 {[%clk 0:00:15]} 33. Re3
{[%clk 0:00:08]} a5+ {[%clk 0:00:16]} 34. Kc3 {[%clk 0:00:08]} a4
{[%clk 0:00:16]} 35. Kb4 {[%clk 0:00:09]} a5+ {[%clk 0:00:17]} 36. Ka3
{[%clk 0:00:10]} Rc5 {[%clk 0:00:18]} 37. Rc3 {[%clk 0:00:10]} Kf6
{[%clk 0:00:15]} 38. Rd8 {[%clk 0:00:08]} Ke5 {[%clk 0:00:16]} 39. Rd2
{[%clk 0:00:07]} f5 {[%clk 0:00:17]} 40. Re2 {[%clk 0:00:04]} Kd4
{[%clk 0:00:18]} 41. Rec2 {[%clk 0:00:04]} Be8 {[%clk 0:00:19]} 42. Rc1
{[%clk 0:00:05]} Ke5 {[%clk 0:00:18]} 43. Re3 {[%clk 0:00:05]} 0-1

[Event "Blitz Open"]
[Site "?"]
[Date "2018.08.03"]
[Round "1.5"]
[White "Adhiban, B."]
[Black "Taleb, Salem Hatam"]
[Result "1-0"]
[BlackElo "2112"]
[WhiteElo "2627"]
[LiveChessVersion "1.4.8"]

1. e4 {[%clk 0:03:02]} Nc6 {[%clk 0:03:02]} 2. Nf3 {[%clk 0:03:02]} e5
{[%clk 0:03:03]} 3. Bc4 {[%clk 0:03:03]} Be7 {[%clk 0:03:03]} 4. d4
{[%clk 0:03:03]} exd4 {[%clk 0:03:03]} 5. Nxd4 {[%clk 0:03:03]} Nf6
{[%clk 0:02:57]} 6. Nc3 {[%clk 0:03:04]} d6 {[%clk 0:02:58]} 7. O-O
{[%clk 0:03:04]} O-O {[%clk 0:02:58]} 8. Re1 {[%clk 0:02:57]} Re8
{[%clk 0:02:55]} 9. h3 {[%clk 0:02:48]} h6 {[%clk 0:02:56]} 10. Bf4
{[%clk 0:02:48]} Bf8 {[%clk 0:02:55]} 11. Nxc6 bxc6 {[%clk 0:02:55]} 12. e5
{[%clk 0:02:46]} dxe5 {[%clk 0:02:42]} 13. Qxd8 {[%clk 0:02:45]} Rxd8
{[%clk 0:02:43]} 14. Bxe5 {[%clk 0:02:46]} Bd6 {[%clk 0:02:44]} 15. Rad1
{[%clk 0:02:41]} Bf5 {[%clk 0:02:43]} 16. Bb3 {[%clk 0:02:42]} Bxe5
{[%clk 0:02:14]} 17. Rxd8+ {[%clk 0:02:42]} Rxd8 {[%clk 0:02:14]} 18. Rxe5
{[%clk 0:02:43]} Bg6 {[%clk 0:01:49]} 19. f4 {[%clk 0:02:23]} Re8
{[%clk 0:01:32]} 20. Ra5 {[%clk 0:02:19]} Ra8 {[%clk 0:01:00]} 21. f5
{[%clk 0:02:19]} Bh7 {[%clk 0:01:01]} 22. g4 {[%clk 0:02:19]} g6 {[%clk 0:00:57]}
23. fxg6 {[%clk 0:02:04]} Bxg6 {[%clk 0:00:58]} 24. Ra6 {[%clk 0:02:04]} Ne4
{[%clk 0:00:44]} 25. Rxc6 {[%clk 0:02:05]} Nd2 {[%clk 0:00:41]} 26. Rxg6+
{[%clk 0:02:05]} 1-0

[Event "Blitz Open"]
[Site "?"]
[Date "2018.08.03"]
[Round "1.7"]
[White "Ganguly, Surya Shekhar"]
[Black "Al-Ali, Hussein Ali Hussein"]
[Result "1-0"]
[BlackElo "2228"]
[WhiteElo "2565"]
[LiveChessVersion "1.4.8"]

1. e4 {[%clk 0:03:02]} e6 {[%clk 0:03:03]} 2. d4 {[%clk 0:03:02]} d5
{[%clk 0:03:04]} 3. Nd2 {[%clk 0:03:03]} a6 {[%clk 0:03:05]} 4. Ngf3
{[%clk 0:03:02]} c5 {[%clk 0:03:07]} 5. dxc5 Bxc5 {[%clk 0:03:07]} 6. Bd3
{[%clk 0:03:01]} Nc6 {[%clk 0:03:08]} 7. O-O {[%clk 0:03:00]} Nge7
{[%clk 0:03:01]} 8. exd5 Nxd5 {[%clk 0:03:01]} 9. Re1 {[%clk 0:02:48]} Be7
{[%clk 0:02:56]} 10. Ne4 {[%clk 0:02:44]} O-O {[%clk 0:02:54]} 11. c3
{[%clk 0:02:43]} b5 {[%clk 0:02:54]} 12. Bg5 {[%clk 0:02:34]} Bxg5
{[%clk 0:02:49]} 13. Nexg5 {[%clk 0:02:34]} Nf6 {[%clk 0:02:51]} 14. Qc2
{[%clk 0:02:32]} h6 {[%clk 0:02:49]} 15. Nh7 {[%clk 0:02:31]} Re8
{[%clk 0:02:44]} 16. Rad1 {[%clk 0:02:32]} Qe7 {[%clk 0:02:43]} 17. Nxf6+ Qxf6
{[%clk 0:02:44]} 18. Be4 {[%clk 0:02:31]} Bb7 {[%clk 0:02:45]} 19. Rd7
{[%clk 0:02:32]} Bc8 {[%clk 0:02:36]} 20. Rc7 {[%clk 0:02:18]} Ra7
{[%clk 0:02:37]} 21. Rxc6 {[%clk 0:02:14]} Bb7 {[%clk 0:02:36]} 22. Rd6
{[%clk 0:02:11]} Bxe4 {[%clk 0:03:02]} 23. Qxe4 {[%clk 0:02:12]} 1-0

[Event "Blitz Open"]
[Site "?"]
[Date "2018.08.03"]
[Round "1.8"]
[White "Mohammed, Zozek Salah Mohammed"]
[Black "Sethuraman, S.P."]
[Result "0-1"]
[BlackElo "2489"]
[WhiteElo "2227"]
[LiveChessVersion "1.4.8"]

1. d4 {[%clk 0:03:02]} d6 {[%clk 0:03:03]} 2. c4 {[%clk 0:03:02]} e5
{[%clk 0:03:04]} 3. dxe5 {[%clk 0:02:35]} dxe5 {[%clk 0:03:04]} 4. Qxd8+ Kxd8
{[%clk 0:03:05]} 5. Nc3 {[%clk 0:02:37]} Be6 {[%clk 0:03:02]} 6. e3
{[%clk 0:02:36]} Nd7 {[%clk 0:03:02]} 7. b3 {[%clk 0:02:33]} c6 {[%clk 0:02:59]}
8. Bb2 {[%clk 0:02:33]} f6 {[%clk 0:02:57]} 9. Nf3 {[%clk 0:02:25]} Nh6
{[%clk 0:02:58]} 10. h3 {[%clk 0:02:24]} Be7 {[%clk 0:02:50]} 11. O-O-O
{[%clk 0:02:24]} Kc7 {[%clk 0:02:50]} 12. Be2 {[%clk 0:02:25]} a5
{[%clk 0:02:48]} 13. a3 {[%clk 0:01:33]} Nf7 {[%clk 0:02:45]} 14. g4
{[%clk 0:01:24]} Nd6 {[%clk 0:02:40]} 15. Nd2 {[%clk 0:01:21]} Nc5
{[%clk 0:02:35]} 16. a4 {[%clk 0:00:31]} Rad8 {[%clk 0:02:30]} 17. f3
{[%clk 0:00:28]} b6 {[%clk 0:02:26]} 18. Kc2 {[%clk 0:00:28]} Bf7
{[%clk 0:02:20]} 19. e4 {[%clk 0:00:19]} Ne6 {[%clk 0:02:17]} 20. Ncb1
{[%clk 0:00:08]} Nb7 {[%clk 0:02:11]} 21. Nf1 {[%clk 0:00:07]} Bc5
{[%clk 0:01:43]} 22. Ng3 {[%clk 0:00:07]} g6 {[%clk 0:01:41]} 23. Rxd8 Rxd8
{[%clk 0:01:42]} 24. Rd1 {[%clk 0:00:09]} Bd4 {[%clk 0:01:42]} 25. Nc3
{[%clk 0:00:07]} Nbc5 {[%clk 0:01:40]} 26. Nf1 {[%clk 0:00:05]} Nf4
{[%clk 0:01:38]} 27. Ng3 {[%clk 0:00:05]} Nce6 {[%clk 0:01:30]} 28. Bf1
{[%clk 0:00:05]} Ng5 {[%clk 0:01:23]} 29. Nge2 {[%clk 0:00:05]} Ngxh3
{[%clk 0:00:35]} 30. Bxh3 {[%clk 0:00:04]} Nxh3 {[%clk 0:00:35]} 31. Nxd4
{[%clk 0:00:05]} exd4 {[%clk 0:00:33]} 32. Ne2 {[%clk 0:00:06]} c5
{[%clk 0:00:28]} 33. Rh1 {[%clk 0:00:08]} d3+ {[%clk 0:00:26]} 34. Kd2
{[%clk 0:00:03]} dxe2+ 35. Kxe2 Nf4+ {[%clk 0:00:16]} 36. Ke3 {[%clk 0:00:03]}
Ng2+ {[%clk 0:00:12]} 37. Ke2 {[%clk 0:00:04]} Nf4+ 38. Ke3 g5 {[%clk 0:00:11]}
39. Rxh7 {[%clk 0:00:07]} Rd3+ {[%clk 0:00:12]} 40. Kf2 {[%clk 0:00:08]} Rd2+
{[%clk 0:00:11]} 41. Kf1 {[%clk 0:00:08]} Rxb2 {[%clk 0:00:11]} 42. Rxf7+
{[%clk 0:00:09]} Kd6 {[%clk 0:00:12]} 43. Rxf6+ {[%clk 0:00:10]} Ke5 0-1

[Event "Blitz Open"]
[Site "?"]
[Date "2018.08.03"]
[Round "1.9"]
[White "Hariri, Nizar"]
[Black "Lu, Shanglei"]
[Result "0-1"]
[BlackElo "2635"]
[WhiteElo "2070"]
[LiveChessVersion "1.4.8"]

1. d4 {[%clk 0:03:03]} f5 {[%clk 0:03:01]} 2. Nc3 {[%clk 0:03:03]} Nf6
{[%clk 0:03:02]} 3. Bg5 {[%clk 0:03:03]} d5 {[%clk 0:03:03]} 4. Bxf6 exf6
{[%clk 0:03:04]} 5. e3 {[%clk 0:03:04]} Be6 {[%clk 0:03:05]} 6. Bd3
{[%clk 0:03:04]} Qd7 {[%clk 0:03:06]} 7. Nge2 {[%clk 0:02:55]} Bd6
{[%clk 0:03:01]} 8. a3 {[%clk 0:02:56]} Nc6 {[%clk 0:02:51]} 9. h4
{[%clk 0:02:52]} a6 {[%clk 0:02:49]} 10. g3 {[%clk 0:02:52]} Ne7 {[%clk 0:02:50]}
11. Qd2 {[%clk 0:02:46]} g6 {[%clk 0:02:41]} 12. Nf4 {[%clk 0:02:36]} Bf7
{[%clk 0:02:41]} 13. Qe2 {[%clk 0:02:32]} c6 {[%clk 0:02:29]} 14. Qf3
{[%clk 0:02:31]} h5 {[%clk 0:02:27]} 15. Nfe2 {[%clk 0:02:04]} Nc8
{[%clk 0:02:20]} 16. Nc1 {[%clk 0:02:00]} Bc7 {[%clk 0:02:17]} 17. b4
{[%clk 0:01:58]} Nd6 {[%clk 0:02:15]} 18. Nb3 {[%clk 0:01:57]} b6
{[%clk 0:02:15]} 19. Nd2 {[%clk 0:01:57]} Qe7 {[%clk 0:01:54]} 20. Qg2
{[%clk 0:01:54]} Ne4 {[%clk 0:01:54]} 21. Bxe4 {[%clk 0:01:39]} fxe4
{[%clk 0:01:54]} 22. g4 {[%clk 0:01:31]} hxg4 {[%clk 0:01:48]} 23. Qxg4
{[%clk 0:01:32]} f5 {[%clk 0:01:48]} 24. Qh3 {[%clk 0:01:26]} O-O-O
{[%clk 0:01:41]} 25. Ne2 {[%clk 0:01:20]} g5 {[%clk 0:01:40]} 26. Qxf5+
{[%clk 0:01:16]} Be6 27. Qg6 {[%clk 0:01:08]} Rdg8 {[%clk 0:01:41]} 28. Qxg8+
{[%clk 0:01:02]} Bxg8 {[%clk 0:01:42]} 29. h5 {[%clk 0:01:00]} Bf7
{[%clk 0:01:41]} 30. h6 {[%clk 0:00:48]} Qf6 {[%clk 0:01:41]} 0-1

[Event "Blitz Open"]
[Site "?"]
[Date "2018.08.03"]
[Round "1.10"]
[White "Wen, Yang"]
[Black "Khairallah, Ralph"]
[Result "1-0"]
[BlackElo "1738"]
[WhiteElo "2567"]
[LiveChessVersion "1.4.8"]

1. e4 {[%clk 0:03:03]} e6 {[%clk 0:03:03]} 2. d4 {[%clk 0:02:59]} d5
{[%clk 0:03:04]} 3. Bd3 {[%clk 0:03:00]} Nf6 {[%clk 0:03:02]} 4. e5
{[%clk 0:03:02]} Nfd7 {[%clk 0:03:03]} 5. c3 {[%clk 0:03:03]} c5 {[%clk 0:03:05]}
6. f4 {[%clk 0:02:56]} Nc6 {[%clk 0:03:05]} 7. Nf3 {[%clk 0:02:58]} Qb6
{[%clk 0:03:03]} 8. Bc2 {[%clk 0:02:56]} f6 {[%clk 0:03:00]} 9. exf6
{[%clk 0:02:55]} Nxf6 {[%clk 0:03:01]} 10. O-O {[%clk 0:02:55]} Bd6
{[%clk 0:02:57]} 11. Kh1 {[%clk 0:02:52]} O-O {[%clk 0:02:56]} 12. dxc5
{[%clk 0:02:51]} Bxc5 {[%clk 0:02:52]} 13. Nbd2 {[%clk 0:02:49]} Bd7
{[%clk 0:02:44]} 14. Nb3 {[%clk 0:02:49]} Bd6 {[%clk 0:02:44]} 15. Qe1
{[%clk 0:02:51]} Rae8 {[%clk 0:02:40]} 16. Be3 {[%clk 0:02:52]} Qc7
{[%clk 0:02:39]} 17. Nfd4 {[%clk 0:02:53]} e5 {[%clk 0:02:36]} 18. Nb5
{[%clk 0:02:52]} Qb8 {[%clk 0:02:34]} 19. Nxd6 {[%clk 0:02:53]} Qxd6
{[%clk 0:02:35]} 20. Bc5 {[%clk 0:02:54]} Qc7 {[%clk 0:02:30]} 21. Bxf8
{[%clk 0:02:55]} Rxf8 22. fxe5 Nxe5 {[%clk 0:02:24]} 23. Qg3 {[%clk 0:02:52]} Qb8
{[%clk 0:01:58]} 24. Rae1 {[%clk 0:02:47]} Nc6 {[%clk 0:01:57]} 25. Qxb8
{[%clk 0:02:45]} Rxb8 {[%clk 0:01:58]} 26. Nc5 {[%clk 0:02:44]} b6
{[%clk 0:01:49]} 27. Nxd7 {[%clk 0:02:44]} Nxd7 {[%clk 0:01:50]} 28. Bb3
{[%clk 0:02:45]} Nce5 {[%clk 0:01:28]} 29. Bxd5+ {[%clk 0:02:45]} Kh8
{[%clk 0:01:29]} 30. h3 {[%clk 0:02:41]} Rc8 {[%clk 0:01:26]} 31. Be6
{[%clk 0:02:41]} h6 {[%clk 0:01:11]} 32. Rxe5 {[%clk 0:02:42]} Nxe5
{[%clk 0:01:06]} 33. Bxc8 {[%clk 0:02:42]} Nc4 {[%clk 0:01:06]} 34. b3
{[%clk 0:02:39]} Nd6 {[%clk 0:01:00]} 35. Rd1 {[%clk 0:02:37]} Nf7
{[%clk 0:00:49]} 36. Rd7 {[%clk 0:02:34]} Ne5 {[%clk 0:00:43]} 37. Rxa7
{[%clk 0:02:34]} Kg8 {[%clk 0:00:40]} 38. Be6+ {[%clk 0:02:35]} Kf8
{[%clk 0:00:39]} 39. Rb7 {[%clk 0:02:35]} 1-0

[Event "Blitz Open"]
[Site "?"]
[Date "2018.08.03"]
[Round "1.11"]
[White "Najjar, Ahmad"]
[Black "Bai, Jinshi"]
[Result "0-1"]
[BlackElo "2502"]
[WhiteElo "2142"]
[LiveChessVersion "1.4.8"]

1. d4 Nf6 {[%clk 0:03:01]} 2. Nf3 {[%clk 0:03:03]} g6 {[%clk 0:03:02]} 3. Bf4
{[%clk 0:03:03]} Bg7 {[%clk 0:03:02]} 4. e3 {[%clk 0:03:04]} O-O {[%clk 0:02:57]}
5. Be2 {[%clk 0:03:05]} c5 {[%clk 0:02:57]} 6. c3 {[%clk 0:03:00]} d6
{[%clk 0:02:56]} 7. dxc5 {[%clk 0:02:56]} dxc5 {[%clk 0:02:57]} 8. Qxd8
{[%clk 0:02:56]} Rxd8 {[%clk 0:02:58]} 9. Nbd2 {[%clk 0:02:55]} Nc6
{[%clk 0:02:57]} 10. h3 {[%clk 0:02:53]} b6 {[%clk 0:02:51]} 11. O-O-O
{[%clk 0:02:49]} Be6 {[%clk 0:02:32]} 12. Bc4 {[%clk 0:02:29]} Bxc4
{[%clk 0:02:32]} 13. Nxc4 {[%clk 0:02:30]} Ne4 {[%clk 0:02:33]} 14. Rhf1
{[%clk 0:02:14]} Kf8 {[%clk 0:02:30]} 15. Ncd2 {[%clk 0:02:08]} Nd6
{[%clk 0:02:30]} 16. Bxd6 {[%clk 0:02:06]} exd6 {[%clk 0:02:26]} 17. Ne4
{[%clk 0:01:52]} d5 {[%clk 0:02:24]} 18. Ng3 {[%clk 0:01:53]} Rac8
{[%clk 0:02:18]} 19. Kb1 {[%clk 0:01:53]} b5 {[%clk 0:01:32]} 20. Ne2
{[%clk 0:01:40]} b4 {[%clk 0:01:32]} 21. cxb4 {[%clk 0:01:30]} Nxb4
{[%clk 0:01:33]} 22. a3 {[%clk 0:01:28]} Nc6 {[%clk 0:01:31]} 23. Rc1
{[%clk 0:01:23]} Rb8 {[%clk 0:01:28]} 24. Rc2 {[%clk 0:01:23]} Na5
{[%clk 0:01:26]} 25. Ka2 {[%clk 0:01:16]} Rb6 {[%clk 0:01:16]} 26. Rb1
{[%clk 0:01:07]} Rdb8 {[%clk 0:01:08]} 27. Nd2 {[%clk 0:00:58]} c4
{[%clk 0:01:08]} 28. Nc3 {[%clk 0:00:49]} Rd8 {[%clk 0:00:42]} 29. Na4
{[%clk 0:00:41]} Ra6 {[%clk 0:00:37]} 30. Nc5 {[%clk 0:00:36]} Rc6
{[%clk 0:00:38]} 31. Na4 {[%clk 0:00:32]} f5 {[%clk 0:00:36]} 32. Rd1
{[%clk 0:00:23]} Ke7 {[%clk 0:00:34]} 33. Nc3 {[%clk 0:00:20]} Ra6
{[%clk 0:00:33]} 34. Nf3 {[%clk 0:00:19]} Nc6 {[%clk 0:00:33]} 35. Nxd5+
{[%clk 0:00:14]} Rxd5 {[%clk 0:00:33]} 36. Rxd5 {[%clk 0:00:15]} Nb4+
{[%clk 0:00:34]} 37. Kb1 {[%clk 0:00:16]} Nxd5 {[%clk 0:00:35]} 38. Rxc4
{[%clk 0:00:15]} Rb6 {[%clk 0:00:36]} 39. b4 {[%clk 0:00:16]} a5 {[%clk 0:00:34]}
40. Rc5 {[%clk 0:00:16]} Nc3+ {[%clk 0:00:35]} 41. Kc2 {[%clk 0:00:14]} axb4
{[%clk 0:00:36]} 42. axb4 {[%clk 0:00:15]} Rxb4 {[%clk 0:00:33]} 43. Rc7+
{[%clk 0:00:11]} Kf8 {[%clk 0:00:34]} 44. Rxc3 {[%clk 0:00:11]} Bxc3 0-1

[Event "Blitz Open"]
[Site "?"]
[Date "2018.08.03"]
[Round "1.12"]
[White "Xu, Xiangyu"]
[Black "El Jawich, Amro"]
[Result "1-0"]
[BlackElo "2318"]
[WhiteElo "2448"]
[LiveChessVersion "1.4.8"]

1. d4 {[%clk 0:03:03]} Nf6 {[%clk 0:03:03]} 2. c4 {[%clk 0:03:03]} g6
{[%clk 0:03:04]} 3. Nc3 {[%clk 0:03:04]} Bg7 {[%clk 0:03:06]} 4. e4
{[%clk 0:03:04]} d6 {[%clk 0:03:06]} 5. Be2 {[%clk 0:03:05]} O-O {[%clk 0:03:06]}
6. Bg5 {[%clk 0:03:06]} c5 {[%clk 0:03:04]} 7. d5 {[%clk 0:03:06]} e6
{[%clk 0:03:01]} 8. Nf3 {[%clk 0:03:07]} exd5 {[%clk 0:02:54]} 9. exd5
{[%clk 0:03:08]} Qb6 {[%clk 0:02:46]} 10. Qd2 {[%clk 0:03:08]} Bf5
{[%clk 0:02:43]} 11. O-O {[%clk 0:03:09]} Ne4 12. Nxe4 {[%clk 0:03:09]} Bxe4
{[%clk 0:02:37]} 13. Bh6 {[%clk 0:03:10]} Qxb2 {[%clk 0:02:09]} 14. Qxb2
{[%clk 0:03:04]} Bxb2 {[%clk 0:02:04]} 15. Bxf8 {[%clk 0:03:04]} Kxf8
{[%clk 0:01:52]} 16. Rad1 {[%clk 0:03:04]} Bxf3 {[%clk 0:01:31]} 17. Bxf3
{[%clk 0:03:05]} Bf6 {[%clk 0:01:12]} 18. Rfe1 {[%clk 0:02:53]} Nd7
{[%clk 0:01:11]} 19. Bg4 {[%clk 0:02:54]} Ne5 {[%clk 0:01:11]} 20. Be2
{[%clk 0:02:55]} b6 {[%clk 0:01:04]} 21. f4 {[%clk 0:02:56]} Nd7 {[%clk 0:01:00]}
22. Bg4 {[%clk 0:02:53]} Nb8 {[%clk 0:00:48]} 23. Bc8 {[%clk 0:02:52]} a5
{[%clk 0:00:38]} 24. Rb1 {[%clk 0:02:53]} Bd8 {[%clk 0:00:32]} 25. Re2
{[%clk 0:02:49]} Ra7 {[%clk 0:00:30]} 26. Bh3 {[%clk 0:02:37]} Na6
{[%clk 0:00:19]} 27. a3 {[%clk 0:02:38]} Nb8 {[%clk 0:00:15]} 28. Kf1
{[%clk 0:02:39]} Re7 {[%clk 0:00:13]} 29. Rxe7 Kxe7 {[%clk 0:00:14]} 30. Re1+
{[%clk 0:02:40]} Kf8 {[%clk 0:00:15]} 31. Bc8 {[%clk 0:02:40]} Bf6
{[%clk 0:00:15]} 32. Kf2 {[%clk 0:02:39]} Bb2 {[%clk 0:00:14]} 33. Rb1
{[%clk 0:02:38]} 1-0